| 000 | 00663nam a22001937a 4500 | ||
|---|---|---|---|
| 999 |
_c16891 _d16891 |
||
| 003 | AR-CdUCM | ||
| 008 | 190506b ||||| |||| 00| 0 spa d | ||
| 040 |
_aMUNICIPALIDAD PROVINCIAL DEL CUSCO _cBIBLIOTECA MUNICIPAL DEL CUSCO |
||
| 082 |
_a633.1 / _bC41 |
||
| 245 |
_aCereales : _bTrigo,arroz, maiz ,cebada / |
||
| 260 |
_aLima : _bMercurio, _c1988. |
||
| 300 |
_a216 paginas ; _c20 cm. |
||
| 505 | _aContenido :Cereales:generalidades --Trigo --Trigo de primavera --Cultivo moderno del trigo --Trigo para pan ... | ||
| 650 |
_aCereales _922490 |
||
| 650 |
_aCultivos _920217 |
||
| 650 |
_aHerbaceos _936620 |
||
| 942 |
_2ddc _cLIBROS |
||
| 945 |
_arjall _d2019-05-06 |
||